00479nam a2200193 a 4500001001300000003000900013005001700022008004100039020001000080082001500090100001500105245001800120260004800138300000800186500003500194505001400229650002700243700001500270nice12345678IN_TiNIC20260116011426.0050524s1930 laha grp 000 0 urd  ac10000a232.9bBUS aBushnell,  aIsa Ki Seerat aLahorebPunjab Religious Booksociety c1930 a48p aincludes index and biblioraphy2 areference aJesus Christ-Biography1 aBushnell,